Normal view
MARC view
- Symbolism in politics
Entry Topical Term
001 - CONTROL NUMBER
- control field: 15191
003 - CONTROL NUMBER IDENTIFIER
- control field: OSt
005 - DATE AND TIME OF LATEST TRANSACTION
- control field: 20260205114522.0
008 - FIXED-LENGTH DATA ELEMENTS
- fixed length control field: 260205|| aca||aabn | a|a d
040 ## - CATALOGING SOURCE
- Original cataloging agency: OSt
- Transcribing agency: OSt
150 ## - HEADING--TOPICAL TERM
- Topical term or geographic name entry element: Symbolism in politics
670 ## - SOURCE DATA FOUND
- Source citation: Work cat.: (OSt)6014: Edelman, Murray 15189, Constructing the political spectacle /, 1988.